MARC details
| 000 -LEADER |
| fixed length control field |
01021nam a2200253 a 4500 |
| 008 - FIXED-LENGTH DATA ELEMENTS--GENERAL INFORMATION |
| fixed length control field |
060424s1996 ||||||||||||||||| || u |
| 020 ## - INTERNATIONAL STANDARD BOOK NUMBER |
| International Standard Book Number |
0948404965 |
| 050 ## - LIBRARY OF CONGRESS CALL NUMBER |
| Classification number |
SB 950.7 Bri |
| 100 ## - MAIN ENTRY--PERSONAL NAME |
| Personal name |
Henderson, Ian |
| 245 10 - TITLE STATEMENT |
| Title |
Slug & snail pests in agriculture : proceedings of a symposium organised by the British Crop Protection Council .... |
| 260 ## - PUBLICATION, DISTRIBUTION, ETC. |
| Place of publication, distribution, etc. |
Farnham : |
| Name of publisher, distributor, etc. |
British Crop Protection Council |
| Date of publication, distribution, etc. |
1996 |
| 300 ## - PHYSICAL DESCRIPTION |
| Extent |
xiv, 450 p. : ill. |
| 350 ## - PRICE (NR) (BK AM CF MU VM SE) [OBSOLETE] |
| Price |
0.00 |
| 490 ## - SERIES STATEMENT |
| Series statement |
BCPC symposium proceedings, 0306-3941 |
| 490 ## - SERIES STATEMENT |
| Volume/sequential designation |
no. 66 |
| 500 ## - GENERAL NOTE |
| General note |
Includes bibliographical references. |
| 650 ## - SUBJECT ADDED ENTRY--TOPICAL TERM |
| Topical term or geographic name entry element |
SLUGS (MOLLUSKS) - CONGRESSES |
| 650 ## - SUBJECT ADDED ENTRY--TOPICAL TERM |
| Topical term or geographic name entry element |
SNAILS - CONGRESSES |
| 650 ## - SUBJECT ADDED ENTRY--TOPICAL TERM |
| Topical term or geographic name entry element |
AGRICULTURAL PESTS--CONGRESSES |
| 650 ## - SUBJECT ADDED ENTRY--TOPICAL TERM |
| Topical term or geographic name entry element |
SLUGS (MOLLUSKS) - CONTROL - CONGRESSES |
| 650 ## - SUBJECT ADDED ENTRY--TOPICAL TERM |
| Topical term or geographic name entry element |
SNAILS - CONTROL - CONGRESSES |
| 710 ## - ADDED ENTRY--CORPORATE NAME |
| Corporate name or jurisdiction name as entry element |
Malacological Society of London |
| 995 ## - RECOMMENDATION 995 [LOCAL, UNIMARC FRANCE] |
| -- |
0.00 |
| -- |
CBU-MAIN LIBRARY (Kitwe) |
| -- |
1 |
| -- |
21.95 |
| -- |
1 |
| -- |
AVAILABLE |
| -- |
Main Library Open Access Collection |